| 000 | 00991nam a22002657a 4500 | ||
|---|---|---|---|
| 999 |
_c823 _d823 |
||
| 001 | 001789 | ||
| 003 | CoMeUDC001789 | ||
| 005 | 20190116174808.0 | ||
| 008 | 130821s2004 ck gr spa | ||
| 020 | _a9587070488 | ||
| 040 |
_aCO-BoUCM _bspa _cCoMeUDC _dAldemar Mondragón (modificó) |
||
| 041 | 0 | 0 | _aspa |
| 082 | 0 | 4 |
_a348.02 _220 _bS479d |
| 100 | 1 |
_aSequera Duarte, Álvaro _930266 |
|
| 245 | 1 | 0 |
_aDerecho aeronáutico Colombiano / _cÁlvaro A. Sequera Duarte. |
| 260 |
_aBogotá (Colombia) : _bLibrería Ediciones del Profesional, _c2004. |
||
| 300 | _a629 páginas ; | ||
| 504 | _aIncluye referencias bibliográficas | ||
| 505 |
_tDecretos 260 y 261. -- _tLegislación. -- _tJurisprudencia. -- _tConvenios. -- _tProtocolos. -- _tNormas áeronauticas |
||
| 650 | _aDerecho comercial | ||
| 650 | 7 |
_aDerecho aéreo _zColombia _912699 |
|
| 650 | 7 |
_aDerecho espacial _912764 |
|
| 650 | 7 |
_aEspacio aéreo _xLegislación _914877 |
|
| 942 |
_cBK _a8 _e1 _mS479d _2ddc _h343.097 |
||